000 00796nas a2200265 i 4500
001 2246
003 ES-MaACL
005 20250721062543.0
007 t|
008 950801c1944 sp | | 1 ||pa d
080 _a460
245 0 0 _aSíntesis
_b: revista financiera ilustrada y de información general /
_cdir. Fernando García de Leaniz y Aparici.
260 _aMadrid :
_b[s.n.],
_c1944-
300 _a1 v. :
_bgrab. ;
_c32 cm.
310 _aMensual
362 0 _aAño I (1944)-
510 _aCCPBAM,
_c2599
650 1 7 _aEconomía
_2embne
_912006
655 7 _2tgfbne
_9226866
_aRevistas
700 1 _aGarcía de Leaniz y Aparici, Fernando,
_9194447
852 _aES-MaACL
_jHEM-H-282
_xHEM-1459
866 0 _o(1957)1958-1959.
942 _2udc
999 _c2246
_d2246